000
00308nam a22001337a 4500
008
170809b xxu||||| |||| 00| 0 eng d
020
_a
9780324594393
041
_a
eng
080
_2
2ND
_a
004
100
_a
35
101
_a
SHKI
245
_a
USING EXCEL & ACCESS FOR ACCOUNTING
_c
OWEN, G
942
_2
udc
_c
BK
999
_c
22961
_d
22961